000 00636nam a2200229Ia 4500
003 OSt
005 20220928121544.0
006 a|||||r|||| 00| 0
007 ta
008 220927b |||||||| |||| 00| 0 eng d
024 _a42649
037 _cTextual
040 _aSDCL
_cSDCL
_beng
041 _2eng
_aeng
082 _aV210y5'M, L6
100 _aSen S P Ed.
245 0 _aNorth and the South in Indian History contact and adjustment
260 _aCalcutta
_bInstitute of Historical Studies
_c1976
300 _axiii,226p
_ccm.
942 _hV210y5'M, L6
_cTEXL
_2CC
999 _c766915
_d766915